Language Quiz

Random Language or German Quiz

Mega-Sorting Gallery: Language Quiz Stats

 Plays Quiz Updated Feb 8, 2019

Score 0/100 Timer 10:00
6 Plays Today
% Correct
Portuguese
95.2%
Alpha
92.4%
English
88.7%
Bleu
86.7%
French
86.3%
Adverb
85.9%
Adjective
85.8%
Delta
84.5%
Icy
84.3%
Eins
84.1%
Mandarin
84.1%
Drei
83.8%
Boiling
83.5%
Chilly
83.4%
Cool
83.4%
Hot
83.3%
Spanish
83.2%
Cantonese
83%
Rouge
82.9%
Burning
82.9%
Freezing
82.8%
Warm
82.6%
Pronoun
82.5%
Acht
82.5%
Noun
82.2%
Fünf
81.6%
Frigid
81.1%
Snowy
81%
Wintry
80.9%
Preposition
80.4%
Conjunction
80.1%
Heated
79.8%
Verb
79.4%
Sweltering
79.2%
% Correct
Interjection
79.1%
Scorching
79.1%
Russian
78.7%
Orange
78.1%
Gato
78%
Indo-European
77.7%
Rose
77.2%
Future Perfect
76.8%
Neun
76.8%
Vier
76.3%
Sechs
76.2%
Violet
76.1%
Grazie
75.8%
Present
75.8%
Vert
75.6%
Zwei
75.6%
Perfect
74.6%
Elefante
74.5%
Chinese
74.4%
Future
74.3%
Pluperfect
74.2%
Brisk
73.9%
Language
73.8%
Article
73.8%
Per Favore
73.2%
Imperfect
73.1%
Zehn
73.1%
Perro
72.7%
Toro
72.3%
Caballo
71.8%
Sino-Tibetan
70.1%
Sieben
68.8%
Austronesian
67.5%
Jaune
66.6%
% Correct
Arabic
66.6%
Xiang
66.4%
Vaca
64.1%
Coccyx
64.1%
Lobo
62.2%
Finnish
61.1%
Cerdo
61%
Filipino
59.2%
Oveja
59.1%
Paradigm
58.5%
Niger-Congo
58.5%
Wu
58.4%
Danish
57.7%
Kanji
57.4%
Basque
53.8%
Catalan
52.7%
Hiragana
50.8%
Katakana
48.6%
Pharaoh
48.5%
Khmer
43.6%
Malagasy
43.5%
Igbo
41.6%
Yoruba
40.6%
Zulu
39.9%
Sumerian
39.4%
Korean
34.8%
Frivol
29.7%
Sinhala
28.1%
Hokkien
26.3%
Hausa
25.9%
Ainu
22.2%
Elamite
11.6%

You're not logged in!

Compare scores with friends on all Sporcle quizzes.
OR
Log In

Show Comments

Extras

Top Quizzes Today


Score Distribution

Your Account Isn't Verified!

In order to create a playlist on Sporcle, you need to verify the email address you used during registration. Go to your Sporcle Settings to finish the process.

Report this User

Report this user for behavior that violates our Community Guidelines.

Details: